00330nam a2200121Ia 4500008004100000041000800041082001200049100001700061245004500078260004400123300003000167365001100197240624s9999 xx 000 0 und d aeng a828 ABR aABRAHAM ITTY aMAKING OF THE INDIAN ATOMIC BOMB SCIENCE c1999aHyderabadbOrient Longman Limited aix, : 180 : p. : cm. ; 22 cRSb31